25 Movies by Quote #3 - Statistics

General Stats
  • This quiz has been taken 26 times
  • The average score is 10 of 25
Answer Stats
Hint Answer % Correct
"He's just Ken." Barbie
95%
"Wakanda forever!" Black Panther
86%
"__ phone home." E.T. the Extra-Terrestrial
71%
"If we can't protect the Earth, you can be damn sure we'll avenge it." The Avengers
71%
"You're probably thinking, 'Whose balls did I have to fondle to get my very own movie?' Hint: it rhymes with Polverine." Deadpool
62%
Did you ever flashy-thing me? Men in Black
52%
"What can I say except you’re welcome?" Moana
52%
"The bare necessities of life will come to you." The Jungle Book
52%
"Do you ever look at someone and wonder, ‘What is going on inside their head?’" Inside Out
48%
"Shaken, not stirred." James Bond
48%
"This message will self-destruct in five seconds." Mission: Impossible
48%
"Do. Or do not. There is no try." Star Wars
48%
"I am Diana of Themyscira, daughter of Hippolyta. In the name of all that is good, your wrath upon this world is over." Wonder Woman
43%
"Just smile and wave, boys. Smile and wave." Madagascar
33%
"Caesar is a leader. Caesar is home." Planet of the Apes
33%
"Do you trust me?" Aladdin
29%
"You don’t just play the game — you have to survive it." Jumanji
29%
"Skadoosh!" Kung Fu Panda
29%
"Go ahead, make my day." Sudden Impact
19%
"We are here. We are waiting." Transformers
14%
"The moment we stop fighting for each other, that’s the moment we lose our humanity." 2012
10%
"I'm the money." Casino Royale
10%
"The problem is not the problem. The problem is your attitude about the problem." Pirates of the Caribbean
10%
"I only speak two languages: English and bad English." The Fifth Element
10%
"We are all connected by a web of life." The Da Vinci Code
5%
No matching quizzes found
Score Distribution
Percent of People with Each Score
Percentile by Number Answered
Your Score History
You have not taken this quiz